| 000 | 00698pam a2200217 4500 | ||
|---|---|---|---|
| 020 | _a0262040387 | ||
| 082 | 0 | 0 | _a350/.000973 |
| 100 | 1 |
_aDrake, Alvin W. _937810 |
|
| 245 | 1 | 0 |
_aAnalysis of public systems, _cedited by Alvin W. Drake, Ralph L. Keeney [and] Philip M. Morse. |
| 260 |
_a[Cambridge, _bM.I.T. Press, _c1972] |
||
| 300 |
_ax, 532 p. _c23 cm. |
||
| 526 |
_a0 _b0 _c0 _d350_000973000000000 |
||
| 650 | 0 |
_aDonation _936574 |
|
| 650 | 0 |
_aMCE _9379 |
|
| 650 | 0 |
_aMunicipal services _zUnited States. _937811 |
|
| 650 | 0 |
_aOperations research. _97262 |
|
| 650 | 0 |
_aPublic administration. _95690 |
|
| 700 | 1 |
_aKeeney, Ralph L., _937812 |
|
| 700 | 1 |
_aMorse, Philip M. _937813 |
|
| 942 |
_2ddc _cBK |
||
| 999 |
_c542587 _d542587 |
||